00572nam a22002057a 45000010005000000030006000050050017000110080041000280200018000690400029000870820010001161000018001262450042001442600047001863000050002334900026002835050008003095210029003175210020003467020FISKH20250827142414.0250617b cb ||||| |||| 00| 0 eng d a9781740898355 aFISKHbengcFISKHdFISKH a910.9 aCoupe, Robert aInto the unknown / cBy Robert Coupe  aSydney :bWeldon Owen Publishing , c2008. a32 pages : bcolor illustrations ; c23 cm .  aTop Readers vStage 4 aK 8 a510 bLexile estimate 8 aK bRaz-Plus